WWE Champions by Year - 2018 - Statistics

General Stats
  • This quiz has been taken 470 times
  • The average score is 36 of 45
Answer Stats
Title Date Event Wrestler % Correct
Universal August 19 SummerSlam Roman Reigns
98%
Intercontinental April 8 WrestleMania 34 Seth Rollins
98%
Intercontinental August 19 SummerSlam Seth Rollins
98%
Raw Tag Team October 22 Raw Seth Rollins
98%
Universal November 2 Crown Jewel Brock Lesnar
96%
Smackdown Women's August 19 SummerSlam Charlotte Flair
95%
Intercontinental December 16 TLC Dean Ambrose
93%
Raw Tag Team October 22 Raw Dean Ambrose
93%
Intercontinental January 22 Raw: 25 Years The Miz
93%
Smackdown Women's September 16 Hell in a Cell Becky Lynch
92%
Raw Tag Team January 28 Royal Rumble Cesaro
92%
Smackdown Tag Team October 16 Smackdown 1000 Cesaro
92%
Raw Tag Team January 28 Royal Rumble Sheamus
92%
Smackdown Tag Team October 16 Smackdown 1000 Sheamus
92%
Smackdown Tag Team August 21 Smackdown Live Kofi Kingston
91%
Smackdown Tag Team August 21 Smackdown Live Xavier Woods
91%
Raw Women's June 17 Money in the Bank Alexa Bliss
90%
United States March 11 Fastlane Randy Orton
89%
Raw Tag Team April 27 Greatest Royal Rumble Bray Wyatt
87%
Raw Tag Team April 27 Greatest Royal Rumble Matt Hardy
87%
United States April 16 Raw Jeff Hardy
86%
United States April 8 WrestleMania 34 Jinder Mahal
86%
WWE Championship November 13 Smackdown Live Daniel Bryan
84%
Intercontinental June 18 Raw Dolph Ziggler
84%
Raw Tag Team September 3 Raw Dolph Ziggler
84%
Raw Women's August 19 SummerSlam Ronda Rousey
84%
Raw Tag Team April 8 WrestleMania 34 Braun Strowman
83%
Raw Women's April 8 WrestleMania 34 Nia Jax
82%
Smackdown Women's December 16 TLC Asuka
77%
Raw Tag Team September 3 Raw Drew McIntyre
76%
Smackdown Tag Team April 8 WrestleMania 34 Harper
75%
Raw Tag Team April 8 WrestleMania 34 Nicholas
75%
United States January 16 Smackdown Live Bobby Roode
74%
Raw Tag Team December 10 Raw Bobby Roode
74%
Smackdown Tag Team April 8 WrestleMania 34 Rowan
74%
Smackdown Women's April 10 Smackdown Live Carmella
73%
United States July 15 Extreme Rules Shinsuke Nakamura
70%
Cruiserweight April 8 WrestleMania 34 Cedric Alexander
68%
Raw Tag Team December 10 Raw Chad Gable
66%
United States December 25 Smackdown Live Rusev
64%
Cruiserweight October 6 Super Showdown Buddy Murphy
56%
Raw Tag Team July 15 Extreme Rules Bo Dallas
51%
Raw Tag Team July 15 Extreme Rules Curtis Axel
51%
Raw Tag Team November 5 Raw Akam
40%
Raw Tag Team November 5 Raw Rezar
40%
No matching quizzes found
Score Distribution
Percent of People with Each Score
Percentile by Number Answered
Your Score History
You have not taken this quiz